000 003800000a22001690004500
003 LK-CoMWRAF
008 230817t ||||| |||| 00| 0 eng d
040 _aLK-CoMWRAF
_dLK-CoMWRAF
_eLK-CoMWRAF
041 _aeng
082 _a150
_bRAS
100 _aRasool Kulam
245 _aSuvarkathu matharasikal
_b
260 _b
_a
_c
300 _ap.119
650 _aIslam
942 _cBK
999 _c2796
_d2796